Catálogo

HISTORIA DE COREA (Registro nro. 14598)

Detalles MARC
000 -LEADER
fixed length control field 00440nam a2200169 a 4500
001 - CONTROL NUMBER
control field 14598
005 - DATE AND TIME OF LATEST TRANSACTION
control field 20180713203115.0
008 - FIXED-LENGTH DATA ELEMENTS--GENERAL INFORMATION
fixed length control field 140415s1995 ja 000 0 spa d
020 ## - INTERNATIONAL STANDARD BOOK NUMBER
International Standard Book Number 8986625032
041 ## - LANGUAGE CODE
Language code of text/sound track or separate title spa
082 ## - DEWEY DECIMAL CLASSIFICATION NUMBER
Classification number 951.9
Item number HIS
245 00 - TITLE STATEMENT
Title HISTORIA DE COREA
250 ## - EDITION STATEMENT
Edition statement 1a ed.
260 ## - PUBLICATION, DISTRIBUTION, ETC.
Place of publication, distribution, etc. JAPON :
Name of publisher, distributor, etc. RADIO COREA INTERNACIONAL KOREAN BROADCASTING...,
Date of publication, distribution, etc. 1995
300 ## - PHYSICAL DESCRIPTION
Extent 202
650 14 - SUBJECT ADDED ENTRY--TOPICAL TERM
Topical term or geographic name entry element COREA
General subdivision HISTORIA
Existencias
Withdrawn status Lost status Source of classification or shelving scheme Damaged status Not for loan Collection code Home library Current library Shelving location Date acquired Source of acquisition Total Checkouts Full call number Barcode Checked out Date last seen Date last checked out Price effective from Koha item type Inventory number Total Renewals
    Dewey Decimal Classification     General Biblioteca Karol Wojtyla Biblioteca Karol Wojtyla Sala general 03/12/2013 Compra 1 951.9 HIS 31877 26/11/2015 26/11/2015 26/11/2015 03/12/2013 Libro    
    Dewey Decimal Classification     General Biblioteca Karol Wojtyla Biblioteca Karol Wojtyla Sala general 03/12/2013 Compra 8 951.9 HIS 31876   05/01/2026 30/01/2025 03/12/2013 Libro 151000000000000000035732 1